| 000 | 00714nam a2200217Ia 4500 | ||
|---|---|---|---|
| 003 | GCL | ||
| 008 | 140319s9999 xx 000 0 ara d | ||
| 040 |
_aGCL / _cGCL |
||
| 082 | 0 | 4 |
_a614 _bو ك |
| 100 | 1 | _aورنر, ديفيد | |
| 245 | 1 | 0 |
_aكتاب من لا يحضره طبيب : مرشد العناية الصحية / _cورنر, ديفيد |
| 700 | 1 | _aمى يعقوب حداد (ترجمة) | |
| 700 | 1 | _aامال الشماع | |
| 300 | _a410 ص | ||
| 490 |
_aالهيئة العامة للاستعلامات _v0 |
||
| 650 | 0 | 4 | _aالاسعافات الاولية |
| 650 | 0 | 4 | _aالصحة العامة |
| 650 | 0 | 4 | _aالصحة الوقائية |
| 650 | 0 | 4 | _aالوعى الصحى |
| 942 |
_2ddc _cBK |
||
| 999 |
_c48081 _d48081 |
||